A history of prices (Record no. 113875)

MARC details
000 -LEADER
fixed length control field 00620cam a22001815a 4500
001 - CONTROL NUMBER
control field L155853
008 - FIXED-LENGTH DATA ELEMENTS--GENERAL INFORMATION
fixed length control field 120418s1838 xxk f 000 0 eng d
035 ## - SYSTEM CONTROL NUMBER
System control number (Sirsi) u155853
041 0# - LANGUAGE CODE
Language code of text/sound track or separate title eng
100 1# - MAIN ENTRY--PERSONAL NAME
Personal name Tooke, Thomas
Dates associated with a name 1774-1858
245 02 - TITLE STATEMENT
Title A history of prices
Remainder of title and of the state of the circulation, from 1793 to 1837 : proceeded by a brief sketch of the state of the corn trade in the last two centuries ...
260 ## - PUBLICATION, DISTRIBUTION, ETC.
Place of publication, distribution, etc. London
Name of publisher, distributor, etc. Longman
Date of publication, distribution, etc. 1838
300 ## - PHYSICAL DESCRIPTION
Extent 2 v.
Dimensions 23 cm.
583 ## - ACTION NOTE
Action Condition reviewed
Time/date of action 20120620
Status condition level 4
651 #4 - SUBJECT ADDED ENTRY--GEOGRAPHIC NAME
Geographic name Great Britain
Chronological subdivision 1707-
690 ## - LOCAL SUBJECT ADDED ENTRY--TOPICAL TERM (OCLC, RLIN)
Topical term or geographic name as entry element Rural
9 (RLIN) 6268
942 ## - ADDED ENTRY ELEMENTS (KOHA)
Suppress in OPAC 0
Holdings
Withdrawn status Lost status Damaged status Not for loan Home library Current library Shelving location Date acquired Total Checkouts Full call number Barcode Date last seen Copy number Price effective from Koha item type
        Historic collection Historic collection Historic collection 18/04/2012   PRICE OCTAVO 1838 TOOKE VOL. 1 30077265 20/08/2025 1 06/08/2019 Book
        Historic collection Historic collection Historic collection 13/02/2013   PRICE OCTAVO 1838 TOOKE VOL. 2 30078097 20/08/2025 1 06/08/2019 Book